The Smoke and Carbon Monoxide Alarm (England) Regulations 2015 (Record no. 115581)
[ view plain ]
| 000 -LEADER | |
|---|---|
| fixed length control field | 01477cad a22002415a 4500 |
| 001 - CONTROL NUMBER | |
| control field | L158903 |
| 008 - FIXED-LENGTH DATA ELEMENTS--GENERAL INFORMATION | |
| fixed length control field | 150923s201 xxk f 000 0 eng d |
| 020 ## - INTERNATIONAL STANDARD BOOK NUMBER | |
| International Standard Book Number | 9780111139332 |
| 035 ## - SYSTEM CONTROL NUMBER | |
| System control number | (Sirsi) u158903 |
| 041 0# - LANGUAGE CODE | |
| Language code of text/sound track or separate title | eng |
| 110 2# - MAIN ENTRY--CORPORATE NAME | |
| Corporate name or jurisdiction name as entry element | United Kingdom |
| Form subheading | Laws, etc |
| 9 (RLIN) | 5044 |
| 245 04 - TITLE STATEMENT | |
| Title | The Smoke and Carbon Monoxide Alarm (England) Regulations 2015 |
| Medium | [electronic resource] |
| 260 ## - PUBLICATION, DISTRIBUTION, ETC. | |
| Place of publication, distribution, etc. | London |
| Name of publisher, distributor, etc. | Stationery Office Ltd |
| Date of publication, distribution, etc. | 2015 |
| 490 #0 - SERIES STATEMENT | |
| Series statement | SI |
| Volume/sequential designation | 2015:1693 |
| 520 ## - SUMMARY, ETC. | |
| Summary, etc. | Outlines requirements for premises occupied under an assured shorthold tenancy (within the meaning of Chapter 2 of Part 1 of the Housing Act 1988) (1) to have a smoke alarm on each storey of the premises on which there is a room used wholly or partly as living accommodation and (2) A carbon monoxide alarm in any room of the premises which is used wholly or partly as living accommodation and contains a solid fuel burning combustion appliance. Both smoke and carbon monoxide detectors must be checked by or on behalf of the landlord to be in proper working order on the day the tenancy begins if it is a new tenancy. Effective from 1 October 2015. |
| 590 ## - LOCAL NOTE (RLIN) | |
| Local note | KA |
| 650 24 - SUBJECT ADDED ENTRY--TOPICAL TERM | |
| Topical term or geographic name entry element | THE SMOKE AND CARBON MONOXIDE ALARM (ENGLAND) REGULATIONS 2015 |
| 651 #4 - SUBJECT ADDED ENTRY--GEOGRAPHIC NAME | |
| Geographic name | England |
| Chronological subdivision | 886- |
| 690 ## - LOCAL SUBJECT ADDED ENTRY--TOPICAL TERM (OCLC, RLIN) | |
| Topical term or geographic name as entry element | Residential property |
| 9 (RLIN) | 6266 |
| 690 ## - LOCAL SUBJECT ADDED ENTRY--TOPICAL TERM (OCLC, RLIN) | |
| Topical term or geographic name as entry element | Landlord and tenant |
| 9 (RLIN) | 6252 |
| 856 48 - ELECTRONIC LOCATION AND ACCESS | |
| Uniform Resource Identifier | <a href="https://www.legislation.gov.uk/uksi/2015/1693/contents/made">https://www.legislation.gov.uk/uksi/2015/1693/contents/made</a> |
| Public note | View this item free of charge at www.legislation.gov.uk |
| 942 ## - ADDED ENTRY ELEMENTS (KOHA) | |
| Suppress in OPAC | 0 |
| Withdrawn status | Lost status | Source of classification or shelving scheme | Damaged status | Not for loan | Home library | Current library | Shelving location | Date acquired | Total Checkouts | Full call number | Barcode | Date last seen | Copy number | Price effective from | Koha item type |
|---|---|---|---|---|---|---|---|---|---|---|---|---|---|---|---|
| Dewey Decimal Classification | Virtual | Virtual | Online | 23/09/2015 | ONLINE PUBLICATION | 158903-2001 | 06/08/2019 | 1 | 06/08/2019 | Book |